Halloween Movies - Statistics

General Stats
  • This quiz has been taken 1,845 times
    1,425 since last reset
  • The average score is 8 of 13
Answer Stats
Hint Answer % Correct
2018 Halloween
100%
1978 Halloween
99%
2007 Halloween
99%
1981 Halloween II
69%
2009 Halloween II
69%
1998 Halloween H20: 20 Years Later
55%
2020 Halloween Kills
51%
2021 Halloween Ends
49%
1982 Halloween III: Season of the Witch
44%
1988 Halloween 4: The Return of Michael Myers
40%
1995 Halloween: The Curse of Michael Myers
39%
2002 Halloween: Resurrection
37%
1989 Halloween 5: The Revenge of Michael Myers
34%
No matching quizzes found
Score Distribution
Percent of People with Each Score
Percentile by Number Answered
Your Score History
You have not taken this quiz since the last reset